FSA guidance for property managers (Record no. 117693)

MARC details
000 -LEADER
fixed length control field 00977cam a2200217 4500
001 - CONTROL NUMBER
control field WB@3612-542
008 - FIXED-LENGTH DATA ELEMENTS--GENERAL INFORMATION
fixed length control field 040714n2004 000 0 eng u
035 ## - SYSTEM CONTROL NUMBER
System control number (Sirsi) u126772
245 ## - TITLE STATEMENT
Title FSA guidance for property managers
260 ## - PUBLICATION, DISTRIBUTION, ETC.
Date of publication, distribution, etc. 2004
490 ## - SERIES STATEMENT
Series statement RICS News Release
Volume/sequential designation 9 July 2004 (1)
520 ## - SUMMARY, ETC.
Summary, etc. The FSA has published its' "Guidance for property managers". This clarifies the position of property managing agents under the new regime for general insurance regulation - which comes into force 14 January 2005. The guidance can be found at: http://www.fsa.gov.uk/mgi/property_guidance_note.p df. http://www.rics.org/ricscms/bin/show?class=News&te mplate=includes/print/shownews.html&id=9393&facult y=RICS
590 ## - LOCAL NOTE (RLIN)
Local note WB
590 ## - LOCAL NOTE (RLIN)
Local note WB
650 ## - SUBJECT ADDED ENTRY--TOPICAL TERM
Topical term or geographic name entry element FINANCIAL SERVICES AUTHORITY REGULATIONS
650 ## - SUBJECT ADDED ENTRY--TOPICAL TERM
Topical term or geographic name entry element Property management
9 (RLIN) 6262
650 ## - SUBJECT ADDED ENTRY--TOPICAL TERM
Topical term or geographic name entry element GENERAL INSURANCE REGULATION
650 ## - SUBJECT ADDED ENTRY--TOPICAL TERM
Topical term or geographic name entry element Insurance
9 (RLIN) 6249
690 ## - LOCAL SUBJECT ADDED ENTRY--TOPICAL TERM (OCLC, RLIN)
Topical term or geographic name as entry element INSURANCE
9 (RLIN) 6249
942 ## - ADDED ENTRY ELEMENTS (KOHA)
Suppress in OPAC 0
Holdings
Withdrawn status Lost status Source of classification or shelving scheme Damaged status Not for loan Home library Current library Shelving location Date acquired Total Checkouts Full call number Barcode Date last seen Copy number Price effective from Koha item type
    Dewey Decimal Classification     London London News article 14/07/2004   WB4027-15 126772-1001 06/08/2019 1 06/08/2019 News article